| 000 | 00480nam a22001457a 4500 | ||
|---|---|---|---|
| 999 |
_c60717 _d60717 |
||
| 005 | 20231012163311.0 | ||
| 008 | 231012s1977 enk||||| |||| 00| 0 eng d | ||
| 041 | _aeng | ||
| 080 | _a7(450) A-38 | ||
| 245 |
_aAll Florence / _bIn 190 Kodak-Color Photographs. |
||
| 264 |
_aFirenze, _c1977 |
||
| 300 |
_a125 p.: _bill.; _c24 cm. |
||
| 653 | _aმთელი ფლორენცია: 190 კოდაკის ფერად ფოტოსურათში | ||
| 942 |
_2udc _cBK |
||